Statistics for South Park: What Would Brian Boitano do? - Lyrics

Click here to take the quiz!

General Stats

  • This quiz has been taken 22 times
  • The average score is 127 of 238

Answer Stats

Answer% Correct
Boitano
100%
Brian
100%
do!
100%
do
100%
I
94%
What
94%
what
94%
would
94%
a
82%
he
82%
that's
82%
was
82%
an
76%
if
76%
he'd
71%
He'd
71%
here
71%
and
65%
And
65%
in
65%
now?
65%
right
65%
the
65%
to
65%
When
65%
when
65%
follow
59%
make
59%
Olympics
59%
plan
59%
be
53%
through
53%
'cause
47%
cause
47%
for
47%
For
47%
gold
47%
save
47%
skating
47%
blindfold
41%
so
41%
So
41%
wearing
41%
all
35%
did
35%
fighting
35%
it
35%
me
35%
mom
35%
or
35%
saved
35%
two
35%
while
35%
ass
29%
beat
29%
Boitano'd
29%
Boitano'd
29%
everyone!
29%
from
29%
I'm
29%
just
29%
let's
29%
my
29%
shit
29%
stop
29%
take
29%
this
29%
too
29%
V
29%
vocabulary
29%
want
29%
3010
24%
again!
24%
Anybody!
24%
bears
24%
breath
24%
chip
24%
evil
24%
fire
24%
grizzly
24%
has
24%
human
24%
kids
24%
of
24%
out
24%
Philip
24%
race
24%
stunted
24%
sure
24%
Terrance
24%
traveled
24%
unite
24%
we'll
24%
Wendy
24%
year
24%
activist
18%
Alps
18%
fair
18%
his
18%
i'll
18%
khan
18%
kubla
18%
lutz
18%
magical
18%
our
18%
pyramids
18%
today?
18%
together
18%
town
18%
used
18%
built
12%
call
12%
kicked
12%
king
12%
robot
12%
tell
12%
them
12%
time
12%
triple
12%
up
12%
don't
6%
madens
6%
moms
6%
Answer
0%
salchows
0%
sought
0%
throught
0%
truth
0%

Score Distribution

Percentile by Number Answered

Percent of People with Each Score

Your Score History

You have not taken this quiz